| 000 | 00733nam a2200253Ia 4500 | ||
|---|---|---|---|
| 003 | OSt | ||
| 005 | 20221005082141.0 | ||
| 006 | a|||||r|||| 00| 0 | ||
| 007 | ta | ||
| 008 | 221004b |||||||| |||| 00| 0 mar d | ||
| 020 | _a8126005904 | ||
| 024 | _a28395 | ||
| 037 | _cTextual | ||
| 040 |
_aCRL _cCRL _bmar |
||
| 041 |
_2mar _amar |
||
| 082 | _aO155,1N18x, 111N8 | ||
| 100 |
_aChitre Dilip Ed _9174672 |
||
| 245 | 0 |
_aSacred Heresy _b selected poems of Vinda Karandikar tr by Vinda Karandikar |
|
| 260 |
_aNew Delhi _bSahitya Akademi India _c1998 |
||
| 300 |
_a150p. _ccm. |
||
| 650 | _aENGLISH LITERATURE | ||
| 942 |
_hO155,1N18x, 111N8 _cTEXL _2cc |
||
| 999 |
_c988811 _d988811 |
||